00968pam a2200253 a 45000010005000000030008000050050017000130080039000300200024000690200037000930350014001300400023001440410008001670820028001752450130002032600165003333000026004985000020005245040030005446500031005746510055006057000024006607000030006845739BD-RjUL20211208234123.007 s1981 cau b 00100 eng a0917616405 (pbk.) : a0878554289 (Transaction Books) : a(BD-RjUL) aDLCcDLCdBOSbeng aeng 220a973.0992 bPOL 198100aPolitics and the Oval Office :btowards presidential governance /cArnold J. Meltsner, editor ; Richard K. Betts ... [et al.] aSan Francisco, Calif. :bInstitute for Contemporary Studies ;aNew Brunswick, NJ. :bavailable through Transaction Books, Rutgers--The State University,cc1981. axi, 332 p., ;c22 cm. aIncludes index. aBibliography: p. 307-314. 0aPresidentszUnited States. 0aUnited StatesxPolitics and governmenty1981-1989.10aMeltsner, Arnold J.10aBetts, Richard K.,d1947-